000
00235 a2200085 4500
020
_a
9781864704921
100
_a
Avi Friedman
245
_a
Inspired Homes: Architecture for Changing Times
260
_b
Images Publishing Group Pty Ltd
_c
2013
999
_c
13575
_d
13575